| 000 | 00699nam a2200205Ii 4500 | ||
|---|---|---|---|
| 003 | JO-AjNU | ||
| 008 | 230605s9999||||xx |||||||||||||| ||und|| | ||
| 017 | _a75/2438 | ||
| 040 |
_aJO-AjNU _bara _erda _cJO-AjNU |
||
| 041 | _aara | ||
| 050 | 1 | 4 | _aTS155.A2299 2011 |
| 100 | 3 |
_aيونس، عبد الغفور, _eauthor _932831 |
|
| 245 | 0 | 0 | _aالتنظيم الصناعي وادارة الانتاج |
| 264 | 3 | 1 | _aالاسكندرية : المكتب المصري الحديث ، 2011 |
| 300 | _a429ص | ||
| 336 |
_atext _btxt _2rdacontent |
||
| 337 |
_aunmediated _bn _2rdamedia |
||
| 338 |
_avolume _bnc _2rdacarrier |
||
| 650 | 4 |
_aالتنظيم الصناعي-ادارة الانتاج _932832 |
|
| 999 |
_aA13299 _c16867 _d16867 |
||